El laberinto : historia y mito /
Historia crítica de las expresiones y el simbolismo que ha tenido el laberinto a lo largo de los siglos en las diversas culturas y de las maneras como ha tomado forma en la literatura y el arte.
Guardat en:
| Autor principal: | |
|---|---|
| Format: | Llibre |
| Idioma: | espanyol |
| Publicat: |
Barcelona, España :
Alba,
2009, c2009
|
| Col·lecció: | (Freak ;
10) |
| Matèries: | |
| Etiquetes: |
Sense etiquetes, Sigues el primer a etiquetar aquest registre!
|
MARC
| LEADER | 00000nam^a2200000^a^4500 | ||
|---|---|---|---|
| 001 | 000319886 | ||
| 005 | 20250521000000.0 | ||
| 008 | 120321 20092009 | ||
| 009 | 20260310113455.507 | ||
| 020 | |a 978-84-8428-442-0 | ||
| 037 | |a Acervo ITESO - Biblioteca | ||
| 041 | |a ESP | ||
| 082 | |a 398. 234 |b MEN | ||
| 100 | |a Méndez Filesi, Marcos |e (autor) | ||
| 245 | 1 | 3 | |a El laberinto : |b historia y mito / |c M. Méndez Filesi. |
| 264 | 4 | |a Barcelona, España : |b Alba, |c 2009, c2009 | |
| 300 | |a 404 p. | ||
| 336 | |a texto |b txt |2 rdacontenido | ||
| 337 | |a sin mediación |b n |2 rdamedio | ||
| 338 | |a volumen |b nc |2 rdasoporte | ||
| 440 | 1 | |a (Freak ; |v 10) | |
| 520 | |a Historia crítica de las expresiones y el simbolismo que ha tenido el laberinto a lo largo de los siglos en las diversas culturas y de las maneras como ha tomado forma en la literatura y el arte. | ||
| 649 | |a XX | ||
| 650 | |a Laberintos - |x Tema Principal | ||
| 650 | |a Laberintos - |x Historia | ||
| 650 | |a Laberintos - |x Aspectos Sociales y Culturales | ||
| 650 | |a Laberintos en la Literatura | ||
| 650 | |a Laberintos en el Arte | ||
| 650 | |a Jardines | ||
| 650 | |a Lugares Mitológicos e Imaginarios | ||
| 650 | |a Simbolismo | ||
| 650 | |a Mitología - |x Historia y Crítica | ||
| 650 | |a Literatura - |x Historia y Crítica | ||
| 650 | |a Arte - |x Historia y Crítica | ||
| 650 | |a Sociología de la Cultura | ||
| 650 | |a Historia Social | ||
| 910 | |a Fondo General | ||
| 920 | |a Impresos - Libros | ||
| 930 | |a Colección General | ||
| 905 | |a 101 | ||
| 901 | |a 0500207051 |b IT1 |c ACC |i C122122 |u 20250521 | ||
| 902 | |a https://opac.biblio.iteso.mx/vufind/Record/000319886 | ||